Personnages Historiques par Images Numéro 2 (Difficile) - Statistiques

Statistiques générales
  • Ce quiz a été pris 17 fois
  • Le résultat moyen est 5 sur 16
Statistiques - réponses
Par images Réponse % Correct
François-René de Chateaubriand
77%
Jean de Lattre de Tassigny
54%
Henry Kissinger
46%
Alexandre III
38%
Isabelle la Catholique
38%
Camillo Cavour
31%
Patrice Lumumba
31%
Ernest Renan
23%
James Madison
23%
Milton Friedman
23%
Peter Thiel
23%
Pierre-Augustin Caron de Beaumarchais
23%
Averroès
15%
Carl Jung
8%
Bernard Mandeville
0%
Jules de Polignac
0%
Aucun quiz correspondant
Distribution des résultats
% des personnes avec chaque résultat
Percentile par nombre de réponses
Votre historique - résultats
Vous n’avez pas pris ce quiz